000 00706nam a2200289Ia 4500
005 20260324120644.0
008 008 260324s9999 xx 000 0 eng d
020 _a9780203582190
037 _aEBOOK
040 _aCRL
040 _beng
040 _cCRL
041 _2eng
041 _aeng
084 _qCRL
100 _aMia Perry; Carmen Liliana Medina
_91159441
245 0 _aMethodologies of Embodiment
245 0 _bInscribing Bodies in Qualitative Research
260 _bTaylor and Francis
260 _c2015
365 _a
365 _b255
856 _uhttp://www.taylorfrancis.com/books/9780203582190
942 _cEBOOK
999 _c1751088
_d1751088